[Event "Challenge"]
[Site "http://www.queenalice.com/game.php?id=212311"]
[Date "2007.5.17"]
[Round "-"]
[White "fernandosoares"]
[Black "davihulse"]
[Result "0-1"]
[WhiteElo "1313"]
[BlackElo "1602"]

1. g3 e5 2. Bg2 d6 3. Nc3 c6 4. f4 exf4 5. gxf4 b5 6. a4 b4 7. Ne4 d5 8. Ng3 Bd6
9. c3 a5 10. cxb4 axb4 11. b3 Bxf4 12. e3 Be5 13. Ra2 Nf6 14. e4 d4 15. Qf3 Bg4
16. Qd3 Qd6 17. Bf3 Bxg3+ 18. hxg3 Qxg3+ 19. Kf1 Nbd7 20. Bb2 Ne5 21. Bxd4 Nxd3
22. e5 Bxf3 23. exf6 Qe1# 0-1

[Event "AUTO-INT-459"]
[Site "http://www.queenalice.com/game.php?id=212332"]
[Date "2007.5.17"]
[Round "1"]
[White "JPSD"]
[Black "davihulse"]
[Result "1-0"]
[WhiteElo "1649"]
[BlackElo "1607"]

1. Nf3 f6 2. e4 e5 3. Nxe5 fxe5 4. Qh5+ Ke7 5. Qxe5+ Kf7 6. Bc4+ Kg6 7. Qf5+ Kh6
8. d4+ g5 9. h4 Qf6 10. hxg5+ Kg7 11. gxf6+ Nxf6 12. Qg5# 1-0

[Event "AUTO-INT-459"]
[Site "http://www.queenalice.com/game.php?id=212333"]
[Date "2007.5.17"]
[Round "1"]
[White "davihulse"]
[Black "JPSD"]
[Result "1-0"]
[WhiteElo "1596"]
[BlackElo "1621"]

1. e4 d5 2. d3 dxe4 3. dxe4 Qxd1+ 4. Kxd1 Bd7 5. f3 Na6 6. Bxa6 bxa6 7. Ne2
O-O-O 8. Be3 e5 9. Bxa7 c5 10. Bb6 Re8 11. Nec3 Bc6 12. Nd5 Bxd5 13. exd5 Nf6
14. c4 h5 15. Ba5 h4 16. h3 e4 17. f4 Nh5 18. Bd2 Ng3 19. Re1 Nf5 20. Nc3 Ng3
21. Re3 Bd6 22. Re1 Kc7 23. Re3 Bxf4 24. Re1 Bxd2 25. Kxd2 f5 26. Na4 f4 27.
Nxc5 e3+ 28. Kc2 Kb6 29. Ne6 Nf5 30. Nxf4 1-0

[Event "AUTO-INT-459"]
[Site "http://www.queenalice.com/game.php?id=212348"]
[Date "2007.5.17"]
[Round "1"]
[White "Sagat"]
[Black "davihulse"]
[Result "1-0"]
[WhiteElo "1697"]
[BlackElo "1592"]

1. d4 d5 2. Nf3 f6 3. e3 g5 4. Bb5+ c6 5. Bd3 g4 6. Nh4 e6 7. Qxg4 f5 8. Qh5+
Kd7 9. Ng6 Nf6 10. Qh4 Rg8 11. Nxf8+ Qxf8 12. g3 Rg4 13. Qh3 b6 14. Bd2 c5 15.
Be2 Rg6 16. dxc5 Qxc5 17. Bc3 Ba6 18. Bxa6 Nxa6 19. a3 d4 20. exd4 Qd5 21. Qf1
Nh5 22. Nd2 Rd8 23. O-O-O f4 24. Qxa6 Qa8 25. Qb5+ Kc7 26. Qxh5 Rh8 27. Qe5+ Kd7
28. d5 Qe8 29. Qxh8 Qe7 30. Qb8 exd5 31. Qb7+ Ke8 32. Qxe7+ Kxe7 33. Nf3 Kd6 34.
Rhe1 Kc5 35. Bb4+ Kc6 36. Ne5+ Kb5 37. Nxg6 hxg6 38. Re5 fxg3 39. Rdxd5+ Kc6 40.
Rd6+ Kc7 41. fxg3 Kb7 42. Rxg6 a5 43. Bxa5 bxa5 44. Rxa5 Kc7 45. Ra7+ Kb8 46.
Rh7 Kc8 47. Rg8# 1-0

[Event "AUTO-INT-459"]
[Site "http://www.queenalice.com/game.php?id=212349"]
[Date "2007.5.17"]
[Round "1"]
[White "davihulse"]
[Black "Sagat"]
[Result "0-1"]
[WhiteElo "1593"]
[BlackElo "1738"]

1. e4 e5 2. Bc4 Nf6 3. Qf3 a6 4. d3 Nc6 5. Bg5 Be7 6. Nh3 Nd4 7. Qd1 d6 8. c3
Nc6 9. b4 h6 10. Bxf6 Bxf6 11. Qh5 Qe7 12. Bd5 Nd8 13. f4 c6 14. Bb3 Bxh3 15.
Qxh3 Ne6 16. f5 Nf4 17. Qf3 g6 18. g3 Nh5 19. Na3 g5 20. Nc4 Ng7 21. h4 gxh4 22.
g4 O-O-O 23. a4 c5 24. b5 axb5 25. axb5 Ne8 26. Nb6+ Kb8 27. Qd1 d5 28. Bxd5 Kc7
29. Qa4 Nd6 30. Qa7 Rb8 31. Na4 Ra8 32. Qxc5+ Kb8 33. O-O Qc7 34. Qe3 Nxb5 35.
c4 Nd4 36. Ra2 Bg5 37. Qf2 Ra6 38. Rfa1 Kc8 39. Nc3 Rxa2 40. Qxa2 Rd8 41. Qa8+
Kd7 42. Qxb7 Qxb7 43. Bxb7 Nc6 44. Bxc6+ Kxc6 45. Rd1 Rg8 46. Kg2 Kc5 47. Na4+
Kd4 48. Kf2 Bf4 49. Ke2 h3 50. Nb6 Rxg4 51. Nd5 h2 52. Rh1 Rg1 53. Rxh2 Bxh2 54.
Nc7 Rg2+ 55. Kf3 Rg3+ 56. Ke2 Rxd3 57. Nb5+ Kxc4 58. f6 Rd7 59. Na3+ Kd4 60. Kf3
Rb7 61. Nc2+ Kd3 62. Ne1+ Kd2 63. Ng2 Rb3+ 64. Kf2 Bg3+ 65. Kg1 Rb1+ 66. Ne1
Rxe1+ 67. Kg2 Rxe4 68. Kxg3 h5 69. Kf3 Rg4 70. Kf2 h4 71. Kf3 Rg6 72. Ke4 h3 73.
Kxe5 h2 74. Kf5 h1=Q 75. Ke5 Qh5+ 76. Kd6 Rxf6+ 77. Ke7 Qe5+ 78. Kd7 Rd6+ 79.
Kc8 Qe7 80. Kb8 Rd8# 0-1

[Event "AUTO-INT-459"]
[Site "http://www.queenalice.com/game.php?id=212360"]
[Date "2007.5.17"]
[Round "1"]
[White "davihulse"]
[Black "clicador"]
[Result "0-1"]
[WhiteElo "1625"]
[BlackElo "1499"]

1. d4 e6 2. d5 exd5 3. Qxd5 Nf6 4. Qe5+ Be7 5. Bg5 O-O 6. e3 Bb4+ 7. c3 Re8 8.
Qd4 Nc6 9. Qc4 Re4 10. Qb3 Na5 11. Qa4 Bxc3+ 12. Nxc3 Rxa4 13. Nxa4 Qe8 14. Bxf6
d6 15. Nc3 gxf6 16. Nd5 Qe4 17. Nxc7 Qb4+ 18. Kd1 Qxb2 19. Rc1 Rb8 20. Ne8 Be6
21. Nxd6 Rd8 22. Rc2 Qb1+ 23. Rc1 Rxd6+ 24. Ke2 Qxc1 25. Nh3 Qd1# 0-1

[Event "AUTO-INT-459"]
[Site "http://www.queenalice.com/game.php?id=212361"]
[Date "2007.5.17"]
[Round "1"]
[White "clicador"]
[Black "davihulse"]
[Result "0-1"]
[WhiteElo "1511"]
[BlackElo "1613"]

1. e4 e5 2. Nf3 d6 3. Bb5+ c6 4. Ba4 b5 5. Bb3 c5 6. d3 a5 7. a4 b4 8. c4 Nc6 9.
Bg5 f6 10. Bh4 g5 11. Bg3 h5 12. h4 g4 13. Nfd2 Nd4 14. f4 gxf3 15. gxf3 f5 16.
O-O f4 17. Bh2 Qxh4 18. Rf2 Ne7 19. Rg2 Bh3 20. Rf2 Rg8+ 21. Kh1 Qxf2 22. Nc3
Qg2# 0-1

[Event "Challenge 2"]
[Site "http://www.queenalice.com/game.php?id=245177"]
[Date "2007.7.25"]
[Round "-"]
[White "rafaelbdb"]
[Black "davihulse"]
[Result "0-1"]
[WhiteElo "1302"]
[BlackElo "1588"]

1. e4 e5 2. Nf3 d6 3. Nc3 c6 4. Be2 g5 5. O-O g4 6. Ne1 h5 7. g3 b5 8. b4 Na6 9.
a3 c5 10. Bxb5+ Ke7 11. Nd5+ Ke6 12. Nd3 Bh6 13. f4 Ne7 0-1

[Event "Challenge"]
[Site "http://www.queenalice.com/game.php?id=258449"]
[Date "2007.8.20"]
[Round "-"]
[White "davihulse"]
[Black "doran"]
[Result "0-1"]
[WhiteElo "1591"]
[BlackElo "1922"]

1. e4 g6 2. e5 Bg7 3. d4 d5 4. Nc3 f6 5. f4 Nh6 6. h3 e6 7. exf6 Qxf6 8. Nf3 Nf5
9. Ne2 Nc6 10. c3 O-O 11. g4 Nd6 12. g5 Qf7 13. Ng3 Ne7 14. Ne5 Qe8 15. Qd2 Nef5
16. Nxf5 exf5 17. Bg2 Ne4 18. Qe3 b6 19. b3 Qe6 0-1

[Event "Challenge"]
[Site "http://www.queenalice.com/game.php?id=276013"]
[Date "2007.9.23"]
[Round "-"]
[White "fernandosoares"]
[Black "davihulse"]
[Result "0-1"]
[WhiteElo "1273"]
[BlackElo "1583"]

1. e4 e5 2. Nf3 d6 3. Be2 f6 4. Bc4 c6 5. Bd3 Bg4 6. O-O Nh6 7. Nc3 b5 8. a4 b4
9. Ne2 Bxf3 10. gxf3 c5 11. b3 Nc6 12. c3 g5 13. cxb4 Nxb4 14. Bb5+ Ke7 15. Nc3
a6 16. Bc4 f5 17. d3 Qa5 18. Bxg5+ Ke8 19. Bb5+ axb5 20. Nxb5 Qb6 21. f4 exf4
22. Bxf4 Ng4 23. Kg2 h5 24. h3 Ne5 25. f3 Nexd3 26. exf5 Rg8+ 27. Kh2 Nxf4 28.
Rf2 Nbd3 29. Rd2 Bg7 30. Rb1 Bf6 31. Qc2 Rg5 32. h4 Rxf5 33. Rg1 Kf8 34. Rgd1
Bxh4 35. Rxd3 Nxd3 36. Rxd3 Rf6 37. Kh3 Rf4 0-1